Aru kathakarikalude pathinettu kathakal/ (Record no. 64820)

000 -LEADER
fixed length control field 00413nam a22001577a 4500
020 ## - INTERNATIONAL STANDARD BOOK NUMBER
ISBN 9789381649459
082 ## - DEWEY DECIMAL CLASSIFICATION NUMBER
Classification number M301
Item number USH/A
245 ## - TITLE STATEMENT
Title Aru kathakarikalude pathinettu kathakal/
Statement of responsibility, etc by Ushakumari G (ed.)
260 ## - PUBLICATION, DISTRIBUTION, ETC. (IMPRINT)
Place of publication Kannur:
Name of publisher Kabani Books,
Year of publication 2012.
300 ## - PHYSICAL DESCRIPTION
Number of Pages 104p.
650 ## - SUBJECT ADDED ENTRY--TOPICAL TERM
Topical Term Stories Malayalam
650 ## - SUBJECT ADDED ENTRY--TOPICAL TERM
Topical Term Literature Malayalam
650 ## - SUBJECT ADDED ENTRY--TOPICAL TERM
Topical Term Literature
700 ## - ADDED ENTRY--PERSONAL NAME
Personal name Ushakumari G (ed.)
942 ## - ADDED ENTRY ELEMENTS (KOHA)
Koha item type Book
Holdings
Withdrawn status Lost status Damaged status Not for loan Permanent Location Current Location Shelving location Date acquired Cost, normal purchase price Full call number Accession Number Price effective from Koha item type
        Sree Sankaracharya University of Sanskrit Sree Sankaracharya University of Sanskrit Stacks 19.04.2017 85.00 M301 USH/A 084216 19.04.2017 Book